000 00353pab a2200157 454500
008 180718b2002 xxu||||| |||| 00| 0 eng d
100 _aGupta, K.N.
245 _aViolence - impediment to empowerment
260 _c2002
300 _ap.26-33
362 _aFeb
650 _aViolence
650 _aWomen
773 _aSocial Welfare
909 _a51401
999 _c51401
_d51401